| 000 | 01322nam a2200277Ia 4500 | ||
|---|---|---|---|
| 999 |
_c49385 _d49385 |
||
| 001 | 16304 | ||
| 003 | GE_BSU | ||
| 005 | 20210923114402.0 | ||
| 008 | 181216s2013||||ge |||||||||||||| ||geo|| | ||
| 020 | _a9789941100867 | ||
| 040 | _cGE_BSU | ||
| 041 | _ageo | ||
| 080 | _a347.61/64(075.8) შ-48 | ||
| 100 |
_aშენგელია, რომან _912544 |
||
| 245 |
_aსაოჯახო სამართალი (თეორია და პრაქტიკა) : _bსახელმძღვანელო / _cრომან შენგელია, ეკეტერინე შენგელია ; რედ. : ჯონი ხეცურიანი, ლადო ჭანტურია. |
||
| 250 | _aმე-3გამოცემა | ||
| 264 |
_aთბილისი : _bმერიდიანი, _c2013. |
||
| 300 |
_a484 გვ. ; _c20 სმ. |
||
| 541 | _h18ლ. | ||
| 653 | _aსამართალი | ||
| 653 | _aსაოჯახო სამართალი | ||
| 700 |
_aშენგელია, ეკეტერინე _eავტორი _912545 |
||
| 700 |
_aხეცურიანი, ჯონი _eრედაქტორი _912546 |
||
| 700 |
_aჭანტურია, ლადო _eრედაქტორი _912547 |
||
| 942 |
_cBK _2udc |
||